000 00886nas a2200289 4500
001 BR7801321
003 BR-BrBNA
005 20231205083344.0
007 ta
008 230509b bl.|||p| |||| 00| 00por d
040 _aBR-BrBNA
_bpor
_cBiblioteca Nacional de Agricultura
041 _a(Pt)
072 _aS10
100 1 _aMiya, E.E.
100 1 _aShirose, I.
245 1 _aFraudes do cafe e influencia na qualidade da bebida [Aroma, acidez, analise de alimento, Brasil]
650 _aCOMPOSICAO DE ALIMENTO
650 _aCAFE TRATADO
650 _aANALISE DE ALIMENTO
650 _aAROMA
650 _aACIDEZ
650 _aCONTROLE DE QUALIDADE
650 _aBEBIDA
773 0 _tBoletim do Instituto de Tecnologia de Alimentos (Brazil)
_xISSN 0366-0281
_g(Jan 1977), (no. 49) p. 123-149
_wBR7801321
909 _a202311
_bLúcia
_c55
_dLúcia Elande
942 _2AGRIS
_n0
_cANA
999 _c98193
_d98193